Statistics for Add a Letter - D

Click here to take the quiz!

General Stats

  • This quiz has been taken 78 times
  • The average score is 10 of 10

Answer Stats

Word Add "D" % Correct
AmDam
100%
AreDare
100%
MenMend
99%
ItchDitch
99%
OwnDown
99%
WeWed
99%
CareCadre
97%
LikeLiked
97%
BusBuds
93%
IrisIrids
73%

Score Distribution

Percentile by Number Answered

Percent of People with Each Score

Your Score History

You have not taken this quiz